[Event "I Memorial Oliver Gonzalez Somoza"]
[Site "Madrid ESP"]
[Date "2010.10.16"]
[Round "8.37"]
[White "Cabañas Jimenez, Manuel"]
[Black "Peñaranda Grilo, Juan Carlos"]
[Result "0-1"]
[WhiteElo "2141"]
[BlackElo "1920"]
[PlyCount "62"]
[EventDate "2010.10.09"]
[EventType "swiss"]
[EventRounds "9"]
[EventCountry "ESP"]
[Source "lmi"]
[SourceDate "2010.10.09"]

1. e4 c6 2. d4 d5 3. f3 e6 4. Bf4 Bd6 5. Bxd6 Qxd6 6. a3 dxe4 7. fxe4 Qf4 8.
Nd2 Nf6 9. Qf3 Qxf3 10. Ngxf3 b6 11. e5 Nd5 12. Ne4 Ba6 13. Bxa6 Nxa6 14. O-O
O-O 15. Nd6 Ne3 16. Rf2 Nf5 17. Nxf5 exf5 18. Nd2 g6 19. Nc4 Rad8 20. Rd2 Rfe8
21. Kf2 Nc7 22. Re1 Nd5 23. Nd6 Re7 24. c4 Nc7 25. Red1 Re6 26. Kf3 Ne8 27.
Nxe8 Rdxe8 28. Kf4 f6 29. exf6 Re4+ 30. Kf3 g5 31. b3 Rf4+ 0-1

[Event "I Memorial Oliver Gonzalez Somoza"]
[Site "Madrid ESP"]
[Date "2010.10.16"]
[Round "8.38"]
[White "Minondo Torres, Alvaro"]
[Black "Blanco Sanchez, Jose Fernando"]
[Result "0-1"]
[WhiteElo "1839"]
[BlackElo "2123"]
[PlyCount "44"]
[EventDate "2010.10.09"]
[EventType "swiss"]
[EventRounds "9"]
[EventCountry "ESP"]
[Source "lmi"]
[SourceDate "2010.10.09"]

1. d4 Nf6 2. Nf3 d6 3. h3 Nbd7 4. Bf4 g6 5. c4 Bg7 6. Nc3 O-O 7. Qd2 Re8 8.
O-O-O c5 9. Bh6 cxd4 10. Nxd4 Bh8 11. f4 Nc5 12. g4 a6 13. Bg2 Rb8 14. f5 e5
15. fxe6 Nxe6 16. Nxe6 Bxe6 17. Qxd6 Qa5 18. Bd5 Bxd5 19. Nxd5 Nxd5 20. Qxd5
Qxa2 21. Qxf7+ Kxf7 22. Rd7+ Kg8 0-1

[Event "I Memorial Oliver Gonzalez Somoza"]
[Site "Madrid ESP"]
[Date "2010.10.16"]
[Round "8.39"]
[White "Garcia Diaz, Victor Manuel"]
[Black "Lozano Sanchez, Jose Antonio"]
[Result "0-1"]
[WhiteElo "2108"]
[BlackElo "1914"]
[PlyCount "156"]
[EventDate "2010.10.09"]
[EventType "swiss"]
[EventRounds "9"]
[EventCountry "ESP"]
[Source "lmi"]
[SourceDate "2010.10.09"]

1. c4 e5 2. g3 Nc6 3. Nc3 Bc5 4. Bg2 Nf6 5. e3 O-O 6. Nge2 Re8 7. d3 a6 8. O-O
d6 9. h3 h6 10. g4 Nh7 11. Ng3 Nf6 12. a3 a5 13. Rb1 Bd7 14. Nb5 Rb8 15. Bd2
Bb6 16. b4 axb4 17. axb4 Ne7 18. Nc3 Bc6 19. e4 Ra8 20. Nd5 Nfxd5 21. exd5 Bd7
22. Be4 Rf8 23. Qf3 Qc8 24. Nf5 Bxf5 25. gxf5 f6 26. Kh1 Kh7 27. Rg1 Rg8 28.
Rg2 Qe8 29. Rbg1 Qf7 30. Rg6 Qf8 31. R6g2 Qf7 32. Rg6 Qf8 33. R6g4 Qf7 34. R1g2
Bd4 35. Rg6 Qf8 36. R6g3 Qf7 37. Kh2 b6 38. Rg6 Qf8 39. R6g4 Qf7 40. Rh4 Ra2
41. Be3 Bxe3 42. Qxe3 Raa8 43. Rg6 Qf8 44. Rg2 Qf7 45. Qf3 Rh8 46. Rhg4 Rhg8
47. c5 bxc5 48. bxc5 Ra5 49. cxd6 cxd6 50. Rg6 Qf8 51. R6g4 Qf7 52. R2g3 Raa8
53. Qg2 Rac8 54. Qf3 Rcd8 55. Rh4 Rc8 56. Qe3 Qf8 57. d4 Rd8 58. dxe5 dxe5 59.
Qd2 Rd6 60. Rd3 Qf7 61. Rg4 Rgd8 62. Rdg3 Rg8 63. Qb4 Nc8 64. Rc3 Qd7 65. Rgg3
Ne7 66. Qc5 Rc8 67. Qe3 Rxc3 68. Qxc3 Nxd5 69. Qc5 Qc7 70. Qa3 Nf4 71. Rc3 Qb6
72. Rc2 Rd4 73. f3 Qd8 74. Qb2 Rd1 75. Qc3 Qb6 76. Qc5 Qb1 77. Qf2 Rh1+ 78. Kg3
Rxh3+ 0-1

[Event "I Memorial Oliver Gonzalez Somoza"]
[Site "Madrid ESP"]
[Date "2010.10.16"]
[Round "8.40"]
[White "Nuñez Miranda, Adrian"]
[Black "Dominguez Carmona, Miguel"]
[Result "0-1"]
[WhiteElo "1811"]
[BlackElo "2066"]
[PlyCount "96"]
[EventDate "2010.10.09"]
[EventType "swiss"]
[EventRounds "9"]
[EventCountry "ESP"]
[Source "lmi"]
[SourceDate "2010.10.09"]

1. e4 c5 2. d3 Nc6 3. g3 d6 4. Bg2 g6 5. f4 Bg7 6. Nf3 e6 7. O-O Nge7 8. c3 Rb8
9. a4 a6 10. d4 cxd4 11. cxd4 Qb6 12. a5 Nxa5 13. Qa4+ Nac6 14. Bd2 Bd7 15. Ba5
Nxa5 16. Qxa5 Qxa5 17. Rxa5 Bb5 18. Rd1 Nc6 19. Ra3 Be2 20. Rd2 Bxf3 21. Bxf3
Nxd4 22. Bg2 Rc8 23. Nc3 Rc7 24. Kf2 Ke7 25. Ke3 Nc6 26. g4 h5 27. g5 Rhc8 28.
Na4 b5 29. e5 dxe5 30. Nb6 exf4+ 31. Kxf4 Rb8 32. Rxa6 Nb4 33. Ra8 Rxb6 34. Rg8
Bf8 35. Be4 e5+ 36. Kg3 Rc4 37. Bf3 Rd4 38. Re2 Re6 39. Be4 Nd3 40. Rh8 Nc5 41.
Bb1 e4 42. Rh7 b4 43. Rf2 e3 44. Rfxf7+ Kd6 45. Rf6 e2 46. Rxe6+ Nxe6 47. Kf2
Nf4 48. Rf7 Rd1 0-1

[Event "I Memorial Oliver Gonzalez Somoza"]
[Site "Madrid ESP"]
[Date "2010.10.16"]
[Round "8.41"]
[White "Garcia Ruido, Ricardo"]
[Black "Ananian, Arman"]
[Result "1-0"]
[WhiteElo "2061"]
[BlackElo "1787"]
[PlyCount "85"]
[EventDate "2010.10.09"]
[EventType "swiss"]
[EventRounds "9"]
[EventCountry "ESP"]
[Source "lmi"]
[SourceDate "2010.10.09"]

1. e4 c5 2. Nf3 e6 3. d4 cxd4 4. Nxd4 Nf6 5. Nc3 d6 6. Bc4 a6 7. Bb3 Be7 8. Qf3
Nc6 9. Nxc6 bxc6 10. e5 Nd5 11. exd6 Bxd6 12. Ne4 Be7 13. O-O Qc7 14. Qg4 g6
15. Qf3 Qe5 16. c4 Nb6 17. Nf6+ Bxf6 18. Qxc6+ Bd7 19. Qxb6 O-O 20. Qb4 Qh5 21.
Bd1 Qh4 22. g3 Qe4 23. Re1 Qc6 24. Be2 Bc8 25. Bd3 Qc7 26. Bf4 e5 27. Bh6 Rd8
28. Be4 Rb8 29. Qc3 Be6 30. b3 Bh8 31. Rad1 f5 32. Bg2 a5 33. Bg5 Rxd1 34. Rxd1
a4 35. Bd5 Bxd5 36. Rxd5 axb3 37. axb3 Bg7 38. Qd2 Rxb3 39. Rd8+ Bf8 40. Qd5+
Qf7 41. Bh6 Rb1+ 42. Kg2 Qxd5+ 43. cxd5 1-0

[Event "I Memorial Oliver Gonzalez Somoza"]
[Site "Madrid ESP"]
[Date "2010.10.16"]
[Round "8.42"]
[White "Calderon Martin, Antonio"]
[Black "Gomez Gonzalez, Javier"]
[Result "0-1"]
[WhiteElo "1745"]
[BlackElo "2016"]
[PlyCount "142"]
[EventDate "2010.10.09"]
[EventType "swiss"]
[EventRounds "9"]
[EventCountry "ESP"]
[Source "lmi"]
[SourceDate "2010.10.09"]

1. e4 c5 2. Nf3 d6 3. c3 Nf6 4. h3 a6 5. Bd3 b5 6. Bc2 Bb7 7. d3 Nbd7 8. O-O
Qc7 9. Bf4 e5 10. Be3 d5 11. exd5 Nxd5 12. Bb3 Be7 13. Nbd2 N7f6 14. Rc1 O-O
15. d4 e4 16. Ne5 Rae8 17. Ng4 Nxg4 18. Qxg4 f5 19. Bf4 c4 20. Bxc7 fxg4 21.
Nxc4 bxc4 22. Bxc4 gxh3 23. gxh3 Rc8 24. Bxd5+ Bxd5 25. Bg3 Bxa2 26. Rfe1 Bd5
27. Ra1 Rc6 28. Ra5 Rd8 29. Rea1 Bg5 30. h4 Bd2 31. Rxa6 e3 32. Rxc6 Bxc6 33.
fxe3 Bxe3+ 34. Bf2 Bf4 35. c4 Bf3 36. c5 Rb8 37. Ra3 Bd5 38. Bg3 Bxg3 39. Rxg3
Rb4 40. Rc3 Rxd4 41. c6 Rc4 42. Rxc4 Bxc4 43. c7 Ba6 44. Kf2 Kf7 45. Ke3 Ke6
46. Kf4 Kd7 47. Ke5 Bc4 48. Kd4 Bb3 49. Kc3 Bf7 50. Kd4 Kxc7 51. Kc5 Bb3 52.
Kb4 Bd1 53. Kc5 Kd7 54. Kd5 Bb3+ 55. Ke5 Ke7 56. Kf5 Kf7 57. Kg5 h6+ 58. Kf5
Bc2+ 59. Ke5 Kg6 60. Kf4 Kh5 61. Kg3 Bb3 62. Kh3 g5 63. hxg5 hxg5 64. Kg3 g4
65. Kg2 Kh4 66. Kh2 g3+ 67. Kg2 Kg4 68. Kg1 Kh3 69. Kh1 Bc4 70. b4 Bb5 71. Kg1
g2 0-1

[Event "I Memorial Oliver Gonzalez Somoza"]
[Site "Madrid ESP"]
[Date "2010.10.16"]
[Round "8.44"]
[White "Avendaño Mateos, Jose"]
[Black "Fernandez Gil, Ruben Carlos"]
[Result "1-0"]
[WhiteElo "1992"]
[BlackElo "1719"]
[PlyCount "75"]
[EventDate "2010.10.09"]
[EventType "swiss"]
[EventRounds "9"]
[EventCountry "ESP"]
[Source "lmi"]
[SourceDate "2010.10.09"]

1. d4 Nf6 2. Bg5 e6 3. Nf3 c5 4. c3 h6 5. Bh4 d5 6. e3 Nc6 7. Bd3 Be7 8. O-O
O-O 9. Nbd2 a6 10. Rc1 b5 11. Bb1 Nd7 12. Bg3 Nb6 13. dxc5 Bxc5 14. e4 Bb7 15.
Nb3 Be7 16. e5 Nc4 17. Qc2 g6 18. Nbd4 Nxd4 19. Nxd4 Bg5 20. Nxe6 Qe7 21. Nxf8
Rxf8 22. Rcd1 Rd8 23. Rd4 Bc8 24. h4 Bf5 25. Qe2 Bxb1 26. Rxb1 Bd2 27. Rxd2
Nxd2 28. Qxd2 h5 29. f4 Qe6 30. Rd1 Kh7 31. Bf2 Qc6 32. Bd4 Qe6 33. Rf1 Qg4 34.
Qf2 Qf5 35. Qf3 Kg8 36. Qg3 Re8 37. Qg5 Qe4 38. f5 1-0

[Event "I Memorial Oliver Gonzalez Somoza"]
[Site "Madrid ESP"]
[Date "2010.10.16"]
[Round "8.46"]
[White "Vidaurre, Luis"]
[Black "Lopez De Turiso Sanchez, Jose A"]
[Result "0-1"]
[WhiteElo "1860"]
[BlackElo "2097"]
[PlyCount "66"]
[EventDate "2010.10.09"]
[EventType "swiss"]
[EventRounds "9"]
[EventCountry "ESP"]
[Source "lmi"]
[SourceDate "2010.10.09"]

1. d4 Nf6 2. Bf4 d6 3. Nf3 g6 4. e3 Bg7 5. Bd3 O-O 6. O-O Nfd7 7. c4 e5 8. Bg3
f5 9. dxe5 dxe5 10. Bc2 Qe7 11. Nc3 c6 12. a3 Nb6 13. b3 g5 14. h3 h5 15. Ra2
Bf6 16. Nb1 g4 17. Ne1 Be6 18. Kh1 N8d7 19. Nd3 Rad8 20. Qe2 Bf7 21. Ne1 Be6
22. Rg1 Qg7 23. Nd3 h4 24. Bxe5 Bxe5 25. f4 Bf6 26. a4 a5 27. Ne1 Nc5 28. Na3
Rd6 29. hxg4 Qxg4 30. Qxg4+ fxg4 31. e4 Bc8 32. g3 h3 33. Rf1 Be5 0-1

[Event "I Memorial Oliver Gonzalez Somoza"]
[Site "Madrid ESP"]
[Date "2010.10.16"]
[Round "8.47"]
[White "Cavalle Pulla, Daniel"]
[Black "Perez Llera, Javier"]
[Result "1/2-1/2"]
[WhiteElo "1847"]
[BlackElo "2066"]
[PlyCount "112"]
[EventDate "2010.10.09"]
[EventType "swiss"]
[EventRounds "9"]
[EventCountry "ESP"]
[Source "lmi"]
[SourceDate "2010.10.09"]

1. e4 c6 2. d4 d5 3. Nc3 dxe4 4. Nxe4 Bf5 5. Ng3 Bg6 6. Bc4 e6 7. N1e2 Bd6 8.
Nf4 Nf6 9. c3 Qc7 10. Qf3 Nd5 11. Ngh5 O-O 12. Nxd5 exd5 13. Bd3 Qe7+ 14. Kf1
Re8 15. Bd2 Bxd3+ 16. Qxd3 Qe4 17. Qxe4 dxe4 18. g4 Nd7 19. Re1 c5 20. Be3 Rac8
21. Rd1 Bb8 22. Kg2 g6 23. dxc5 gxh5 24. Rxd7 hxg4 25. Rhd1 Rc6 26. Rxb7 Rc7
27. Rd7 Rxb7 28. Rxb7 f5 29. c6 Rc8 30. Bxa7 Bxa7 31. Rxa7 Rxc6 32. Ra5 Rf6 33.
Kg3 f4+ 34. Kxg4 e3 35. Kf3 Rb6 36. b3 Re6 37. fxe3 Rxe3+ 38. Kxf4 Rxc3 39.
Rg5+ Kf7 40. Rg2 Ke6 41. Rb2 Kd5 42. b4 Kc6 43. a4 Ra3 44. a5 Kb5 45. Kg4 Rd3
46. Kg5 Rd6 47. Kf5 Rg6 48. h4 Rh6 49. Kg5 Rg6+ 50. Kh5 Rd6 51. Ra2 Ra6 52. Rg2
Kxb4 53. Rg7 Rxa5+ 54. Kg4 h5+ 55. Kf4 Rd5 56. Re7 Kc5 1/2-1/2

[Event "I Memorial Oliver Gonzalez Somoza"]
[Site "Madrid ESP"]
[Date "2010.10.16"]
[Round "8.48"]
[White "Garcia Galeote, Lorenzo"]
[Black "Merino Araguas, Jose Javier"]
[Result "1/2-1/2"]
[WhiteElo "2040"]
[BlackElo "1834"]
[PlyCount "178"]
[EventDate "2010.10.09"]
[EventType "swiss"]
[EventRounds "9"]
[EventCountry "ESP"]
[Source "lmi"]
[SourceDate "2010.10.09"]

1. Nf3 Nf6 2. g3 g6 3. Bg2 Bg7 4. O-O O-O 5. d3 d6 6. e4 e5 7. c3 a5 8. h3 Na6
9. Be3 Bd7 10. Nbd2 Re8 11. Nh4 Nh5 12. Nc4 Nc5 13. Nf5 gxf5 14. Bxc5 Qg5 15.
h4 Qg6 16. Ba3 f4 17. Bf3 Nxg3 18. fxg3 Qxg3+ 19. Bg2 Qxh4 20. Nd2 Re6 21. Nf3
Qh6 22. Kf2 Qg6 23. Rg1 Qg3+ 24. Kf1 Rg6 25. Qe1 Bf6 26. Qxg3 Rxg3 27. Bh1 Bh3+
28. Kf2 Rg6 29. Rxg6+ fxg6 30. Rg1 Be6 31. d4 Bxa2 32. d5 Bc4 33. Ng5 Bxg5 34.
Rxg5 Kg7 35. Bf3 Bb5 36. Rg1 Bd7 37. b3 Kf6 38. Bg4 Be8 39. c4 b6 40. Rh1 h5
41. Bd1 Bd7 42. Bb2 Rh8 43. Bc3 h4 44. Be1 g5 45. Rg1 h3 46. Bf3 h2 47. Rf1 g4
48. Bh1 g3+ 49. Kf3 Kg5 50. Bxg3 fxg3 51. Kxg3 Rh3+ 52. Kg2 Rxb3 53. Rf7 Rb2+
54. Kg3 Ba4 55. Rg7+ Kf6 56. Rxc7 Rc2 57. Rb7 b5 58. cxb5 Rb2 59. Rd7 Bxb5 60.
Rxd6+ Kg5 61. Re6 a4 62. Rxe5+ Kf6 63. Rf5+ Ke7 64. e5 a3 65. Rh5 a2 66. Rh7+
Kf8 67. Ra7 Bc4 68. e6 Rb1 69. Ra8+ Ke7 70. Ra7+ Kd6 71. Rd7+ Kc5 72. e7 a1=Q
73. e8=Q Qc3+ 74. Bf3 Rg1+ 75. Kxh2 Re1 76. Qf8+ Kd4 77. Qf6+ Kd3 78. Qxc3+
Kxc3 79. d6 Re3 80. Kg2 Bb5 81. Rc7+ Kb4 82. d7 Rd3 83. Bg4 Rd2+ 84. Kg3 Ka5
85. Rc8 Bxd7 86. Rd8 Rd3+ 87. Kf2 Rd2+ 88. Ke3 Rd6 89. Bxd7 Kb6 1/2-1/2

[Event "I Memorial Oliver Gonzalez Somoza"]
[Site "Madrid ESP"]
[Date "2010.10.16"]
[Round "8.49"]
[White "Aguado Rodriguez, Guillermo"]
[Black "Rives Higueras, Alan"]
[Result "1-0"]
[WhiteElo "1845"]
[BlackElo "2012"]
[PlyCount "69"]
[EventDate "2010.10.09"]
[EventType "swiss"]
[EventRounds "9"]
[EventCountry "ESP"]
[Source "lmi"]
[SourceDate "2010.10.09"]

1. e4 e5 2. Nf3 Nf6 3. Bc4 Nxe4 4. Nxe5 d5 5. Bb3 Qf6 6. Nf3 c6 7. O-O Be7 8.
d3 Nc5 9. Bg5 Qd6 10. Re1 f6 11. Bh4 Nxb3 12. axb3 O-O 13. Bg3 Qd8 14. Bxb8
Rxb8 15. Rxa7 Bg4 16. Ra4 f5 17. h3 Bh5 18. Nbd2 Bf6 19. c3 Qc7 20. Qc2 Rfe8
21. Raa1 Qf4 22. d4 g6 23. Qd3 Bxf3 24. Rxe8+ Rxe8 25. Nxf3 Re7 26. b4 Qb8 27.
b5 Qe8 28. bxc6 bxc6 29. Ra6 Bg7 30. Qd1 Re2 31. Qa4 Qe4 32. Ra8+ Bf8 33. Qxc6
Rxb2 34. Qd6 Rb1+ 35. Kh2 1-0

[Event "I Memorial Oliver Gonzalez Somoza"]
[Site "Madrid ESP"]
[Date "2010.10.16"]
[Round "8.50"]
[White "Gomez Fernandez, Jesus"]
[Black "Madurga Lopez, Ignacio"]
[Result "0-1"]
[WhiteElo "1796"]
[BlackElo "2010"]
[PlyCount "138"]
[EventDate "2010.10.09"]
[EventType "swiss"]
[EventRounds "9"]
[EventCountry "ESP"]
[Source "lmi"]
[SourceDate "2010.10.09"]

1. f4 Nf6 2. Nf3 g6 3. Nc3 c5 4. e3 Bg7 5. Be2 O-O 6. O-O d5 7. d4 cxd4 8. exd4
Nc6 9. Ne5 Qb6 10. Nxc6 Qxc6 11. g4 Nxg4 12. Bxg4 Bxg4 13. Qxg4 Bxd4+ 14. Kh1
Bxc3 15. bxc3 Qxc3 16. Rb1 Qxc2 17. Bb2 Qe4+ 18. Kg1 b6 19. h4 h5 20. Qg3 Qf5
21. Rbe1 e6 22. Rf2 Rac8 23. Rg2 Rc2 24. Re5 Rxg2+ 25. Qxg2 Qg4 26. Qxg4 hxg4
27. Rg5 Rc8 28. a3 Rc2 29. Bf6 Kf8 30. Rxg4 Ra2 31. Rg3 Rc2 32. Kf1 Ke8 33. Ke1
Kd7 34. Kd1 Rc4 35. Rf3 Kc6 36. Kd2 d4 37. Rf1 Kd5 38. Be7 b5 39. Re1 d3 40.
Re5+ Kc6 41. Bg5 Ra4 42. Be7 Rxf4 43. Kxd3 Kd7 44. Rxb5 Kxe7 45. Rb7+ Kf6 46.
Rxa7 Rxh4 47. a4 g5 48. a5 g4 49. Ke3 e5 50. Ra8 Kf5 51. a6 Rh3+ 52. Kf2 Ra3
53. a7 f6 54. Kg2 e4 55. Kf2 Rf3+ 56. Kg2 Ra3 57. Kf2 Kf4 58. Rf8 Ra2+ 59. Ke1
Rxa7 60. Rxf6+ Kg3 61. Re6 Ra4 62. Ke2 Kg2 63. Rg6 g3 64. Ke3 Kh2 65. Rh6+ Kg1
66. Rg6 g2 67. Rf6 Ra3+ 68. Kxe4 Kh2 69. Rf2 Kg3 0-1

[Event "I Memorial Oliver Gonzalez Somoza"]
[Site "Madrid ESP"]
[Date "2010.10.16"]
[Round "8.51"]
[White "Garcia Martin, Juan Manuel"]
[Black "Tevar Sanz, Gonzalo"]
[Result "0-1"]
[WhiteElo "2009"]
[BlackElo "1878"]
[PlyCount "60"]
[EventDate "2010.10.09"]
[EventType "swiss"]
[EventRounds "9"]
[EventCountry "ESP"]
[Source "lmi"]
[SourceDate "2010.10.09"]

1. d4 Nf6 2. Bf4 c5 3. c3 Qb6 4. Qb3 Nc6 5. Qxb6 axb6 6. e3 d5 7. Nf3 c4 8. Bg5
Ne4 9. Nbd2 Nxg5 10. Nxg5 h6 11. Ngf3 Bf5 12. Ne5 e6 13. Be2 Bd6 14. e4 Bh7 15.
exd5 exd5 16. Nxc6 bxc6 17. O-O Kd7 18. g3 Rhe8 19. Rfe1 Re7 20. Bg4+ f5 21.
Rxe7+ Bxe7 22. Bh3 g5 23. Nf3 g4 24. Ne5+ Kc7 25. Bg2 b5 26. f4 b4 27. cxb4
Bxb4 28. a4 Bg8 29. Kf2 Ba5 30. b3 Bc3 0-1

[Event "I Memorial Oliver Gonzalez Somoza"]
[Site "Madrid ESP"]
[Date "2010.10.16"]
[Round "8.52"]
[White "Sierra Soria, Maria"]
[Black "Sanchez Millan, Eduardo"]
[Result "1-0"]
[WhiteElo "1743"]
[BlackElo "2000"]
[PlyCount "100"]
[EventDate "2010.10.09"]
[EventType "swiss"]
[EventRounds "9"]
[EventCountry "ESP"]
[Source "lmi"]
[SourceDate "2010.10.09"]

1. e4 c5 2. Nf3 e6 3. d4 cxd4 4. Nxd4 a6 5. Nc3 Qc7 6. Bd3 Nf6 7. O-O b5 8. Kh1
Bb7 9. Qe2 d6 10. f4 b4 11. Nd1 Nc6 12. c3 bxc3 13. bxc3 e5 14. Nf5 h5 15. Nf2
exf4 16. Bxf4 Ne5 17. Rab1 g6 18. Bg5 Nfg4 19. Ne3 Nxe3 20. Bxe3 Bg7 21. Bd4
O-O 22. Bc2 Rfe8 23. Bb3 d5 24. Qc2 dxe4 25. Nxe4 Re7 26. Bc5 Bxe4 27. Qxe4
Qxc5 28. Qxa8+ Kh7 29. Qxa6 Ng4 30. Bxf7 Rxf7 31. Rxf7 Qe5 32. Rxg7+ Kxg7 33.
Qa7+ Kh6 34. Qg1 Qe2 35. Qc1+ g5 36. Rb6+ Kh7 37. Qb1+ Kh8 38. Rb8+ Kg7 39.
Qb7+ Kg6 40. Rg8+ Kf5 41. Rf8+ Nf6 42. Qb1+ Ke5 43. Rb8 Kf4 44. Rb2 Qe3 45.
Qf1+ Kg4 46. Re2 Qxc3 47. h3+ Kh4 48. Qf2+ Qg3 49. Qxf6 Qxg2+ 50. Rxg2 Kxh3 1-0

[Event "I Memorial Oliver Gonzalez Somoza"]
[Site "Madrid ESP"]
[Date "2010.10.16"]
[Round "8.53"]
[White "Gomez Ferrer, Jesus"]
[Black "Nieto Esteban, Manuel"]
[Result "1-0"]
[WhiteElo "1942"]
[BlackElo "1823"]
[PlyCount "24"]
[EventDate "2010.10.09"]
[EventType "swiss"]
[EventRounds "9"]
[EventCountry "ESP"]
[Source "lmi"]
[SourceDate "2010.10.09"]

1. e4 e5 2. Nf3 Nc6 3. Bc4 Bc5 4. b4 Bxb4 5. c3 Bc5 6. d4 Bb6 7. O-O Qf6 8. Bg5
Qg6 9. dxe5 Nh6 10. Qd5 O-O 11. Nbd2 d6 12. exd6 Be6 1-0

[Event "I Memorial Oliver Gonzalez Somoza"]
[Site "Madrid ESP"]
[Date "2010.10.16"]
[Round "8.54"]
[White "Alvarez Escudero, Manuel"]
[Black "Tolosana Esteban, Enrique"]
[Result "1-0"]
[WhiteElo "1884"]
[BlackElo "1772"]
[PlyCount "57"]
[EventDate "2010.10.09"]
[EventType "swiss"]
[EventRounds "9"]
[EventCountry "ESP"]
[Source "lmi"]
[SourceDate "2010.10.09"]

1. e4 Nc6 2. Nf3 e5 3. Bc4 Bc5 4. c3 Nf6 5. O-O Nxe4 6. Qe2 d5 7. Bb5 O-O 8.
Bxc6 bxc6 9. Nxe5 Re8 10. d4 Bd6 11. Nxc6 Nxc3 12. bxc3 Ba6 13. Qxa6 Bxh2+ 14.
Kxh2 Qh4+ 15. Kg1 Re6 16. Be3 f5 17. Qb7 Rae8 18. Qxc7 Rg6 19. Qh2 Qe4 20. Ne5
Rxe5 21. dxe5 Rg4 22. Nd2 Qd3 23. e6 f4 24. Bxf4 g5 25. Qh5 Qf5 26. e7 Qxf4 27.
e8=Q+ Kg7 28. Qd7+ Kf6 29. Qhxg4 1-0

[Event "I Memorial Oliver Gonzalez Somoza"]
[Site "Madrid ESP"]
[Date "2010.10.16"]
[Round "8.55"]
[White "Montoya Pecurul, Marc"]
[Black "Suarez Triguero, Jose Alfonso"]
[Result "1/2-1/2"]
[WhiteElo "1629"]
[BlackElo "2099"]
[PlyCount "97"]
[EventDate "2010.10.09"]
[EventType "swiss"]
[EventRounds "9"]
[EventCountry "ESP"]
[Source "lmi"]
[SourceDate "2010.10.09"]

1. e4 Nf6 2. e5 Ng8 3. d4 d6 4. Nf3 Bg4 5. h3 Bh5 6. Bb5+ c6 7. Bd3 Bxf3 8.
Qxf3 dxe5 9. dxe5 Qa5+ 10. Nc3 Qxe5+ 11. Be3 e6 12. O-O-O Nd7 13. Ne4 Qa5 14.
Kb1 Ngf6 15. Bf4 Be7 16. Bd6 Nxe4 17. Bxe4 Bxd6 18. Rxd6 Qc7 19. Rhd1 Rd8 20.
Qd3 g6 21. f4 Ke7 22. Qa3 c5 23. Qxa7 Qxd6 24. Rxd6 Kxd6 25. Qxb7 Rb8 26. Qc6+
Ke7 27. g4 Rhc8 28. Qa6 Rc7 29. Qe2 Kf8 30. Qf2 Nf6 31. Bf3 Rd8 32. Qh4 Kg7 33.
f5 exf5 34. gxf5 Rd4 35. Qg3 Re7 36. b3 c4 37. fxg6 hxg6 38. h4 cxb3 39. axb3
Ne4 40. Bxe4 Rexe4 41. h5 Rg4 42. Qe5+ Kh7 43. Kb2 Rge4 44. Qc5 Kh6 45. hxg6
fxg6 46. c3 Rd2+ 47. Ka3 Ree2 48. c4 g5 49. Qf5 1/2-1/2

[Event "I Memorial Oliver Gonzalez Somoza"]
[Site "Madrid ESP"]
[Date "2010.10.16"]
[Round "8.56"]
[White "Calderon Rojo, Daniel"]
[Black "Tirado Parra, Alberto"]
[Result "0-1"]
[WhiteElo "1743"]
[BlackElo "1951"]
[PlyCount "56"]
[EventDate "2010.10.09"]
[EventType "swiss"]
[EventRounds "9"]
[EventCountry "ESP"]
[Source "lmi"]
[SourceDate "2010.10.09"]

1. e4 b6 2. d4 Bb7 3. Nc3 e6 4. a3 c5 5. Nf3 cxd4 6. Nxd4 a6 7. Bd3 Qc7 8. O-O
Nf6 9. Re1 d6 10. Be3 Be7 11. f3 Nbd7 12. Bf2 b5 13. Qd2 O-O 14. Rad1 Rac8 15.
Qe2 Ne5 16. Rd2 Nxd3 17. Qxd3 Nd7 18. Nb3 Ne5 19. Qd4 Nc4 20. Rde2 Bf6 21. e5
Bxe5 22. Rxe5 dxe5 23. Qc5 Nxb2 24. Qxc7 Rxc7 25. Bc5 Rfc8 26. Rxe5 Nc4 27. Rg5
h6 28. Rh5 Nxa3 0-1

[Event "I Memorial Oliver Gonzalez Somoza"]
[Site "Madrid ESP"]
[Date "2010.10.16"]
[Round "8.57"]
[White "Panero Cabero, Gregorio"]
[Black "Nuñez Alonso, Juan"]
[Result "1-0"]
[WhiteElo "1936"]
[BlackElo "1666"]
[PlyCount "75"]
[EventDate "2010.10.09"]
[EventType "swiss"]
[EventRounds "9"]
[EventCountry "ESP"]
[Source "lmi"]
[SourceDate "2010.10.09"]

1. f4 d5 2. e3 Nf6 3. Nf3 g6 4. b3 Bg7 5. Bb2 b6 6. Be2 Bb7 7. O-O O-O 8. a4 c5
9. d3 Nbd7 10. h3 Qc7 11. Nbd2 Rfe8 12. Ne5 Qd6 13. Ndf3 Nh5 14. Qe1 Nxe5 15.
fxe5 Qd7 16. g4 Bh6 17. Bc1 Ng7 18. g5 Qxh3 19. gxh6 Qg4+ 20. Kh2 Nf5 21. Nd4
Qh4+ 22. Qxh4 Nxh4 23. Nf3 Nf5 24. e4 dxe4 25. dxe4 Bxe4 26. Bd3 Bxd3 27. cxd3
Rad8 28. Rd1 Rd5 29. Bf4 Red8 30. Ne1 Rd4 31. Ng2 Rxd3 32. Rxd3 Rxd3 33. a5 b5
34. Rc1 Rd5 35. a6 Nd4 36. Ne3 Nxb3 37. Nxd5 Nxc1 38. Bxc1 1-0

[Event "I Memorial Oliver Gonzalez Somoza"]
[Site "Madrid ESP"]
[Date "2010.10.16"]
[Round "8.58"]
[White "Garcia Serrano, Jose Manuel"]
[Black "Martinez Gomez, Ana Maria"]
[Result "1-0"]
[WhiteElo "1926"]
[BlackElo "1605"]
[PlyCount "67"]
[EventDate "2010.10.09"]
[EventType "swiss"]
[EventRounds "9"]
[EventCountry "ESP"]
[Source "lmi"]
[SourceDate "2010.10.09"]

1. e4 c5 2. d4 cxd4 3. c3 dxc3 4. Nxc3 Nc6 5. Nf3 Nf6 6. Bc4 e6 7. O-O Bb4 8.
e5 Bxc3 9. bxc3 Ne4 10. Qc2 Nc5 11. a4 d5 12. exd6 Qxd6 13. Ba3 Ne5 14. Bb5+
Nc6 15. Rfd1 Qe7 16. Ne5 O-O 17. Bxc6 bxc6 18. Nd3 Qg5 19. Nxc5 Re8 20. Qe4 e5
21. Qf3 Bg4 22. Qg3 Qf5 23. Re1 Rad8 24. Ne4 Rd5 25. Nd6 Rxd6 26. Bxd6 f6 27.
Rab1 Bh5 28. Rb7 Bg6 29. h4 Qc8 30. Reb1 Rd8 31. h5 Bf7 32. Rb8 Qd7 33. Rxd8+
Qxd8 34. Rb8 1-0

[Event "I Memorial Oliver Gonzalez Somoza"]
[Site "Madrid ESP"]
[Date "2010.10.16"]
[Round "8.59"]
[White "Sanchez Tapia, Luis G"]
[Black "Rodriguez Bachiller, Luis"]
[Result "0-1"]
[WhiteElo "1638"]
[BlackElo "1903"]
[PlyCount "78"]
[EventDate "2010.10.09"]
[EventType "swiss"]
[EventRounds "9"]
[EventCountry "ESP"]
[Source "lmi"]
[SourceDate "2010.10.09"]

1. e4 c5 2. Nf3 d6 3. Bc4 e6 4. Nc3 Nf6 5. d3 Nc6 6. Bg5 Be7 7. O-O O-O 8. a3
a6 9. Re1 b5 10. Ba2 Bb7 11. Ne2 a5 12. Ng3 b4 13. d4 cxd4 14. Nxd4 Qb6 15. Be3
Nxd4 16. Bxd4 Qc6 17. axb4 axb4 18. c3 bxc3 19. Bxc3 Qb5 20. Re3 Rfd8 21. h3
Ra4 22. Nf5 exf5 23. Qxa4 Qxa4 24. Bxf7+ Kxf7 25. Rxa4 Bxe4 26. Re1 Nd5 27. Bd2
Rb8 28. b4 Rb7 29. f3 Bc2 30. Ra2 Bb3 31. Rb2 Bc4 32. Rc2 Nb6 33. f4 g6 34. Be3
d5 35. b5 Bh4 36. Ra1 Bf6 37. Ra6 d4 38. Bd2 Bxb5 39. Ra5 d3 0-1